LEADER 01501nam 2200361Ia 450 001 996387329103316 005 20200824132801.0 035 $a(CKB)4940000000083334 035 $a(EEBO)2240860053 035 $a(OCoLC)ocm19336571e 035 $a(OCoLC)19336571 035 $a(EXLCZ)994940000000083334 100 $a19890309d1687 uy | 101 0 $alat 135 $aurbn||||a|bb| 200 10$aCenturia epistolarum Anglo-Latinarum$b[electronic resource] $eex tritissmis classicis authoribus, viz. Cicerone, Plinio, & Textore, selectarum : quibus imitandis ludi-discipuli stylum epistolis familiarem, facilius assequantur /$fa Carolo Hoolo ... = A century of epistles, English and Latine : selected out of the most used school-authors, viz. Tullie, Plinie, and Textor : by imitating of which, children may readily get a proper style for writing letters / by Charles Hool .. 210 $aLondon $cPrinted by T.M. ...$d1687 215 $a141 p 300 $aEnglish and Latin on opposite pages. 300 $aReproduction of original in the University of Illinois (Urbana-Champaign Campus). Library. 330 $aeebo-0167 606 $aLatin letters 606 $aClassical letters 615 0$aLatin letters. 615 0$aClassical letters. 700 $aHoole$b Charles$f1610-1667.$0793350 801 0$bEAH 801 1$bEAH 801 2$bWaOLN 906 $aBOOK 912 $a996387329103316 996 $aCenturia epistolarum Anglo-Latinarum$92324914 997 $aUNISA LEADER 03517 am 2200793 n 450 001 9910166057703321 005 20160909 010 $a2-84310-364-9 024 7 $a10.4000/books.ugaeditions.1033 035 $a(CKB)3710000001080200 035 $a(FrMaCLE)OB-ugaeditions-1033 035 $a(oapen)https://directory.doabooks.org/handle/20.500.12854/41230 035 $a(PPN)202670651 035 $a(EXLCZ)993710000001080200 100 $a20170228j|||||||| ||| 0 101 0 $afre 135 $auu||||||m|||| 181 $ctxt$2rdacontent 182 $cc$2rdamedia 183 $acr$2rdacarrier 200 14$aLes archives de Marguerite Duras /$fSylvie Loignon 210 $aGrenoble $cUGA Éditions$d2016 215 $a254 p., [8] p. of plates $ccol. ill. ;$d22 cm 225 1 $aLa fabrique de l'?uvre 300 $aChiefly papers of colloquium held at the Universite? de Caen and at the Institut Me?moires de l'e?dition contemporaine, Nov. 18-19, 2010. 311 $a2-84310-218-9 320 $aIncludes bibliographical references (p. [245]-254). 330 $aAu moment où l'?uvre de Marguerite Duras fait son entrée dans la « Bibliothèque de la Pléiade », voici le premier ouvrage entièrement consacré à ses documents de travail, conservés à l'Institut pour la Mémoire de l'édition contemporaine (IMEC) et dans le fonds Jean Mascolo. Invitant le lecteur à découvrir les coulisses de la création, Les archives de Marguerite Duras aborde le travail de l'écrivain sous un jour inédit : motifs, personnages, imaginaire et style sont révélés dans leur devenir. Deux perspectives génétiques se croisent : l'une, inscrivant l'?uvre dans l'histoire de sa production ; l'autre, poétique, analysant la naissance d'un style, les tensions formelles ou génériques, les choix opérés par l'auteur. Découvrir la matérialité de l'archive, son imaginaire, le jeu de l'écriture et des réécritures, permet d'interroger de manière renouvelée l'unité, le sens, la portée d'une ?uvre sans cesse en mouvement. 410 0$aFabrique de l'?uvre. 606 $aLiterary Reviews 606 $aarchives 606 $acritique 606 $aécriture 606 $ainterprétation 606 $aDuras Marguerite 610 $aarchives 610 $aécriture 610 $aDuras Marguerite 610 $ainterprétation 610 $acritique 615 4$aLiterary Reviews 615 4$aarchives 615 4$acritique 615 4$aécriture 615 4$ainterprétation 615 4$aDuras Marguerite 700 $aAhlstedt$b Eva$0455733 701 $aBertoni$b Annalisa$01330431 701 $aBogaert$b Sophie$01307464 701 $aChouen$b Chloé$01330432 701 $aCousseau$b Anne$0152411 701 $aCrippa$b Simona$01289026 701 $ade Chalonge$b Florence$01330433 701 $aFaerber$b Johan$01235166 701 $aHanania$b Cécile$01330434 701 $aHarvey$b Robert$018344 701 $aHimy-Piéri$b Laure$01300734 701 $aLoignon$b Sylvie$01240678 701 $aMaritchik$b Youlia$01330435 701 $aMeurée$b Christophe$01284203 701 $aPagès-Pindon$b Joëlle$01289021 701 $aLoignon$b Sylvie$01240678 712 02$aUniversite? de Caen. 712 02$aInstitut Me?moires de l'e?dition contemporaine. 801 0$bFR-FrMaCLE 906 $aBOOK 912 $a9910166057703321 996 $aLes archives de Marguerite Duras$93039857 997 $aUNINA